000 00646nam a2200193 a 4500
005 20140310183601.0
008 111201s19uu xx 00 eng d
020 _a9781578634415
050 _aRZ 403.P75
_b.B79 2008
100 _aBryan, Jessica
245 _aPsychic surgery and faith healing :
_ban exploration of multi-dimensional realities, indigenous healing, and medical miracles in the Philippine lowlands /
_cJessica Bryan.
260 _aSan Francisco :
_bWeiser Books,
_c2008.
300 _a210 p. :
_bill. ;
_c23 cm.
521 _aPSYCH
650 _aParasychology
650 _aPsychics
942 _cBK
_2lcc
_kLOC
999 _c25099
_d25099